| 000 | 00397nam a2200133Ia 4500 | ||
|---|---|---|---|
| 008 | 220217s9999||||xx |||||||||||||| ||und|| | ||
| 020 | _a0-07-048683-2 | ||
| 082 | _a005.13 BRO | ||
| 100 |
_aBrown, Bradley, D Niemiec, Richard, & Trezzo, Etal. _92811 |
||
| 245 | 0 | _aOracle 9i web development | |
| 260 |
_aTata Mcgraw hill _bNew Delhi _c2003 |
||
| 300 | _b475 | ||
| 650 | _aPROGRAMMING LANGUAGE | ||
| 999 |
_c171431 _d171431 |
||